[Event "ODJM B 2023"]
[Site "Willingen GER"]
[Date "2023.05.31"]
[Round "5"]
[White "Hepp, Daniel"]
[Black "Uhlmann, Jonas"]
[Result "1-0"]
[Termination "normal"]
[Board "20"]
[WhiteElo "1442"]
[BlackElo "1558"]
[WhiteClock "00:23:43"]
[BlackClock "00:40:51"]
[PlyCount "93"]
[WhiteFideId "34608567"]
[BlackFideId "16258576"]
[EventCountry "GER"]
[EventRounds "9"]
[EventType "swiss"]
[EventDate "2023.05.27"]

1. d4 {[%clk 01:30:59]} {[%emt 00:00:01]} d5 {[%clk 01:30:54]} {[%emt
00:00:06]} 2. c4 {[%clk 01:31:22]} {[%emt 00:00:07]} e6 {[%clk 01:31:19]}
{[%emt 00:00:04]} 3. Nc3 {[%clk 01:31:43]} {[%emt 00:00:10]} c5 {[%clk
01:31:42]} {[%emt 00:00:07]} 4. cxd5 {[%clk 01:29:16]} {[%emt 00:02:57]} cxd4
{[%clk 01:30:02]} {[%emt 00:02:09]} 5. Qxd4 {[%clk 01:26:12]} {[%emt 00:03:35]}
Nc6 {[%clk 01:30:02]} {[%emt 00:00:30]} 6. Qa4 {[%clk 01:25:09]} {[%emt
00:01:34]} exd5 {[%clk 01:29:54]} {[%emt 00:00:37]} 7. e3 {[%clk 01:23:17]}
{[%emt 00:02:22]} Be6 {[%clk 01:28:02]} {[%emt 00:02:22]} 8. Nf3 {[%clk
01:22:48]} {[%emt 00:00:58]} Qb6 {[%clk 01:27:40]} {[%emt 00:00:52]} 9. Be2
{[%clk 01:18:20]} {[%emt 00:04:58]} Nf6 {[%clk 01:22:32]} {[%emt 00:05:39]} 10.
O-O {[%clk 01:16:47]} {[%emt 00:02:03]} O-O-O {[%clk 01:22:39]} {[%emt
00:00:22]} 11. Bd2 {[%clk 01:14:11]} {[%emt 00:03:07]} d4 {[%clk 01:19:37]}
{[%emt 00:03:32]} 12. Nxd4 {[%clk 01:08:06]} {[%emt 00:06:36]} Nxd4 {[%clk
01:19:41]} {[%emt 00:00:25]} 13. exd4 {[%clk 01:08:27]} {[%emt 00:00:10]} Rxd4
{[%clk 01:19:41]} {[%emt 00:00:30]} 14. Qc2 {[%clk 01:08:47]} {[%emt 00:00:09]}
Kb8 {[%clk 01:19:11]} {[%emt 00:01:00]} 15. Be3 {[%clk 01:08:27]} {[%emt
00:00:49]} Bc5 {[%clk 01:17:45]} {[%emt 00:01:56]} 16. Bxd4 {[%clk 01:07:29]}
{[%emt 00:01:29]} Bxd4 {[%clk 01:12:28]} {[%emt 00:05:47]} 17. Bf3 {[%clk
01:07:01]} {[%emt 00:00:58]} g5 {[%clk 01:10:39]} {[%emt 00:02:19]} 18. Rad1
{[%clk 01:00:27]} {[%emt 00:07:04]} g4 {[%clk 01:06:54]} {[%emt 00:04:14]} 19.
Be2 {[%clk 00:59:44]} {[%emt 00:01:13]} Be5 {[%clk 01:06:08]} {[%emt 00:01:16]}
20. Kh1 {[%clk 00:45:56]} {[%emt 00:14:18]} h5 {[%clk 01:03:03]} {[%emt
00:03:36]} 21. Bd3 {[%clk 00:43:17]} {[%emt 00:03:09]} h4 {[%clk 00:58:35]}
{[%emt 00:04:58]} 22. Na4 {[%clk 00:33:17]} {[%emt 00:10:30]} Qb4 {[%clk
00:58:02]} {[%emt 00:01:03]} 23. Rde1 {[%clk 00:32:32]} {[%emt 00:01:15]} Bf4
{[%clk 00:54:50]} {[%emt 00:03:42]} 24. a3 {[%clk 00:31:51]} {[%emt 00:01:11]}
Qd6 {[%clk 00:54:12]} {[%emt 00:01:07]} 25. Qc3 {[%clk 00:29:22]} {[%emt
00:03:00]} h3 {[%clk 00:44:14]} {[%emt 00:10:28]} 26. g3 {[%clk 00:25:32]}
{[%emt 00:04:20]} Rc8 {[%clk 00:41:22]} {[%emt 00:03:22]} 27. Qb4 {[%clk
00:23:57]} {[%emt 00:02:04]} Qc6+ {[%clk 00:41:17]} {[%emt 00:00:36]} 28. f3
{[%clk 00:23:09]} {[%emt 00:01:18]} gxf3 {[%clk 00:40:32]} {[%emt 00:01:15]}
29. Qxf4+ {[%clk 00:23:13]} {[%emt 00:00:26]} Ka8 {[%clk 00:41:16]} {[%emt
00:02:12]} 30. Rxe6 {[%clk 00:22:48]} {[%emt 00:02:54]} fxe6 {[%clk 00:40:52]}
{[%emt 00:00:54]} 31. Qxf3 {[%clk 00:23:04]} {[%emt 00:00:14]} Qxa4 {[%clk
00:39:43]} {[%emt 00:01:39]} 32. Qxf6 {[%clk 00:23:15]} {[%emt 00:00:19]} Qc6+
{[%clk 00:39:58]} {[%emt 00:00:15]} 33. Qf3 {[%clk 00:23:39]} {[%emt 00:00:06]}
Qb6 {[%clk 00:39:47]} {[%emt 00:00:39]} 34. b4 {[%clk 00:23:29]} {[%emt
00:00:42]} a6 {[%clk 00:39:47]} {[%emt 00:00:30]} 35. Be4 {[%clk 00:23:26]}
{[%emt 00:00:33]} a5 {[%clk 00:40:00]} {[%emt 00:00:17]} 36. bxa5 {[%clk
00:23:15]} {[%emt 00:00:41]} Qb2 {[%clk 00:40:14]} {[%emt 00:00:16]} 37. a6
{[%clk 00:22:35]} {[%emt 00:01:10]} Rc3 {[%clk 00:40:01]} {[%emt 00:00:42]} 38.
axb7+ {[%clk 00:22:58]} {[%emt 00:00:07]} Ka7 {[%clk 00:40:22]} {[%emt
00:00:10]} 39. b8=Q+ {[%clk 00:22:08]} {[%emt 00:01:20]} Kxb8 {[%clk 00:40:37]}
{[%emt 00:00:14]} 40. Qf8+ {[%clk 00:22:31]} {[%emt 00:00:07]} Rc8 {[%clk
00:40:31]} {[%emt 00:00:35]} 41. Qb4+ {[%clk 00:22:44]} {[%emt 00:00:18]} Qxb4
{[%clk 00:40:48]} {[%emt 00:00:13]} 42. axb4 {[%clk 00:23:11]} {[%emt
00:00:03]} Rc4 {[%clk 00:41:08]} {[%emt 00:00:10]} 43. Bg6 {[%clk 00:23:03]}
{[%emt 00:00:38]} Kc7 {[%clk 00:40:46]} {[%emt 00:00:52]} 44. b5 {[%clk
00:22:58]} {[%emt 00:00:36]} e5 {[%clk 00:40:51]} {[%emt 00:00:25]} 45. Bf5
{[%clk 00:22:55]} {[%emt 00:00:32]} e4 {[%clk 00:40:40]} {[%emt 00:00:41]} 46.
Bxh3 {[%clk 00:23:21]} {[%emt 00:00:05]} e3 {[%clk 00:40:51]} {[%emt 00:00:18]}
47. Re1 {[%clk 00:23:43]} {[%emt 00:00:08]} 1-0

[Event "ODJM B 2023"]
[Site "Willingen GER"]
[Date "2023.05.31"]
[Round "5"]
[White "Frowein, Jamie"]
[Black "Christen, Jan"]
[Result "0-1"]
[Termination "normal"]
[Board "21"]
[WhiteElo "1441"]
[BlackElo "1598"]
[WhiteClock "00:30:30"]
[BlackClock "00:48:02"]
[PlyCount "96"]
[WhiteFideId "16282949"]
[BlackFideId "34643320"]
[EventCountry "GER"]
[EventRounds "9"]
[EventType "swiss"]
[EventDate "2023.05.27"]

1. c4 {[%clk 01:30:59]} {[%emt 00:00:01]} c6 {[%clk 01:30:54]} {[%emt
00:00:06]} 2. Nf3 {[%clk 01:31:09]} {[%emt 00:00:20]} Nf6 {[%clk 01:31:17]}
{[%emt 00:00:07]} 3. Nc3 {[%clk 01:31:33]} {[%emt 00:00:06]} d5 {[%clk
01:31:43]} {[%emt 00:00:03]} 4. e3 {[%clk 01:31:57]} {[%emt 00:00:07]} e6
{[%clk 01:32:01]} {[%emt 00:00:11]} 5. b3 {[%clk 01:32:21]} {[%emt 00:00:07]}
Nbd7 {[%clk 01:26:26]} {[%emt 00:06:05]} 6. Bb2 {[%clk 01:32:33]} {[%emt
00:00:19]} Bd6 {[%clk 01:25:06]} {[%emt 00:01:49]} 7. d4 {[%clk 01:32:43]}
{[%emt 00:00:20]} O-O {[%clk 01:24:13]} {[%emt 00:01:23]} 8. Be2 {[%clk
01:33:02]} {[%emt 00:00:10]} Re8 {[%clk 01:23:23]} {[%emt 00:01:20]} 9. O-O
{[%clk 01:33:24]} {[%emt 00:00:08]} dxc4 {[%clk 01:23:19]} {[%emt 00:00:35]}
10. bxc4 {[%clk 01:33:34]} {[%emt 00:00:20]} b6 {[%clk 01:21:53]} {[%emt
00:01:55]} 11. Qc2 {[%clk 01:28:38]} {[%emt 00:05:27]} Bb7 {[%clk 01:21:16]}
{[%emt 00:01:06]} 12. Rad1 {[%clk 01:28:21]} {[%emt 00:00:47]} Rc8 {[%clk
01:20:47]} {[%emt 00:00:59]} 13. Rfe1 {[%clk 01:23:02]} {[%emt 00:05:49]} Qc7
{[%clk 01:19:41]} {[%emt 00:01:35]} 14. e4 {[%clk 01:17:18]} {[%emt 00:06:16]}
e5 {[%clk 01:17:12]} {[%emt 00:02:59]} 15. d5 {[%clk 01:13:31]} {[%emt
00:04:17]} cxd5 {[%clk 01:16:52]} {[%emt 00:00:49]} 16. Nb5 {[%clk 01:10:11]}
{[%emt 00:03:50]} Qb8 {[%clk 01:15:55]} {[%emt 00:01:27]} 17. Nxd6 {[%clk
01:05:24]} {[%emt 00:05:17]} Qxd6 {[%clk 01:16:19]} {[%emt 00:00:06]} 18. Qb1
{[%clk 00:58:52]} {[%emt 00:07:03]} d4 {[%clk 01:11:20]} {[%emt 00:05:28]} 19.
Bd3 {[%clk 00:53:04]} {[%emt 00:06:18]} Nc5 {[%clk 01:07:41]} {[%emt 00:04:10]}
20. Ba3 {[%clk 00:50:46]} {[%emt 00:02:47]} Qe6 {[%clk 01:03:42]} {[%emt
00:04:28]} 21. Nd2 {[%clk 00:41:50]} {[%emt 00:09:28]} Nxd3 {[%clk 00:45:18]}
{[%emt 00:18:54]} 22. Qxd3 {[%clk 00:41:37]} {[%emt 00:00:43]} Ba6 {[%clk
00:45:33]} {[%emt 00:00:15]} 23. Rc1 {[%clk 00:40:43]} {[%emt 00:01:24]} Rc7
{[%clk 00:44:35]} {[%emt 00:01:27]} 24. Bb2 {[%clk 00:37:49]} {[%emt 00:03:25]}
Qc8 {[%clk 00:34:56]} {[%emt 00:10:09]} 25. Qa3 {[%clk 00:33:13]} {[%emt
00:05:06]} Re6 {[%clk 00:34:52]} {[%emt 00:00:33]} 26. Rc2 {[%clk 00:33:23]}
{[%emt 00:00:21]} Rec6 {[%clk 00:35:05]} {[%emt 00:00:16]} 27. Rec1 {[%clk
00:33:22]} {[%emt 00:00:32]} Ne8 {[%clk 00:33:18]} {[%emt 00:02:16]} 28. Nf3
{[%clk 00:27:13]} {[%emt 00:06:40]} f6 {[%clk 00:33:09]} {[%emt 00:00:37]} 29.
Qb3 {[%clk 00:27:24]} {[%emt 00:00:20]} Kh8 {[%clk 00:27:08]} {[%emt 00:06:30]}
30. Nd2 {[%clk 00:15:15]} {[%emt 00:12:40]} Nd6 {[%clk 00:26:52]} {[%emt
00:00:46]} 31. Qb4 {[%clk 00:13:09]} {[%emt 00:02:37]} Nxc4 {[%clk 00:24:51]}
{[%emt 00:02:30]} 32. Nxc4 {[%clk 00:13:21]} {[%emt 00:00:19]} Rxc4 {[%clk
00:25:11]} {[%emt 00:00:10]} 33. Rxc4 {[%clk 00:12:33]} {[%emt 00:01:17]} Rxc4
{[%clk 00:25:36]} {[%emt 00:00:04]} 34. Rxc4 {[%clk 00:12:31]} {[%emt
00:00:33]} Bxc4 {[%clk 00:25:45]} {[%emt 00:00:21]} 35. a4 {[%clk 00:12:19]}
{[%emt 00:00:43]} Qc5 {[%clk 00:23:40]} {[%emt 00:02:35]} 36. Qd2 {[%clk
00:11:57]} {[%emt 00:00:52]} Qa5 {[%clk 00:22:49]} {[%emt 00:01:20]} 37. Qd1
{[%clk 00:10:06]} {[%emt 00:02:22]} Qb4 {[%clk 00:21:54]} {[%emt 00:01:24]} 38.
Qc1 {[%clk 00:09:29]} {[%emt 00:01:07]} Qxa4 {[%clk 00:21:40]} {[%emt
00:00:45]} 39. h3 {[%clk 00:09:44]} {[%emt 00:00:15]} b5 {[%clk 00:20:25]}
{[%emt 00:01:45]} 40. Ba3 {[%clk 00:09:28]} {[%emt 00:00:46]} d3 {[%clk
00:19:40]} {[%emt 00:01:14]} 41. Be7 {[%clk 00:00:36]} {[%emt 00:09:22]} Qc2
{[%clk 00:19:01]} {[%emt 00:01:09]} 42. Qe3 {[%clk 00:00:50]} {[%emt 00:00:16]}
d2 {[%clk 00:18:25]} {[%emt 00:01:06]} 43. Kh2 {[%clk 00:30:28]} {[%emt
00:00:52]} d1=Q {[%clk 00:48:26]} {[%emt 00:00:29]} 44. Bxf6 {[%clk 00:30:27]}
{[%emt 00:00:31]} gxf6 {[%clk 00:48:24]} {[%emt 00:00:33]} 45. Qh6 {[%clk
00:30:47]} {[%emt 00:00:09]} Qd8 {[%clk 00:48:29]} {[%emt 00:00:23]} 46. Qe3
{[%clk 00:30:22]} {[%emt 00:00:57]} Qcd2 {[%clk 00:48:20]} {[%emt 00:00:39]}
47. Qxa7 {[%clk 00:30:12]} {[%emt 00:00:41]} Qf4+ {[%clk 00:48:39]} {[%emt
00:00:11]} 48. g3 {[%clk 00:30:30]} {[%emt 00:00:12]} Qxe4 {[%clk 00:48:02]}
{[%emt 00:01:06]} 0-1

[Event "ODJM B 2023"]
[Site "Willingen GER"]
[Date "2023.05.31"]
[Round "5"]
[White "Mohebbi, Sam"]
[Black "Morio, Estelle"]
[Result "0-1"]
[Termination "normal"]
[Board "22"]
[WhiteElo "1555"]
[BlackElo "1792"]
[WhiteClock "00:54:52"]
[BlackClock "00:20:42"]
[PlyCount "130"]
[WhiteFideId "34607293"]
[BlackFideId "12951951"]
[EventCountry "GER"]
[EventRounds "9"]
[EventType "swiss"]
[EventDate "2023.05.27"]

1. e4 {[%clk 01:30:57]} {[%emt 00:00:03]} e5 {[%clk 01:30:56]} {[%emt
00:00:05]} 2. Nf3 {[%clk 01:31:02]} {[%emt 00:00:25]} Nc6 {[%clk 01:31:22]}
{[%emt 00:00:04]} 3. Bc4 {[%clk 01:30:53]} {[%emt 00:00:37]} Bc5 {[%clk
01:31:41]} {[%emt 00:00:12]} 4. c3 {[%clk 01:30:37]} {[%emt 00:00:47]} Nf6
{[%clk 01:31:51]} {[%emt 00:00:20]} 5. d3 {[%clk 01:31:00]} {[%emt 00:00:07]}
d6 {[%clk 01:30:03]} {[%emt 00:02:18]} 6. O-O {[%clk 01:28:10]} {[%emt
00:03:19]} a6 {[%clk 01:29:50]} {[%emt 00:00:45]} 7. a4 {[%clk 01:26:02]}
{[%emt 00:02:37]} h6 {[%clk 01:20:02]} {[%emt 00:10:18]} 8. h3 {[%clk
01:20:08]} {[%emt 00:06:23]} Ba7 {[%clk 01:18:59]} {[%emt 00:01:34]} 9. Qe2
{[%clk 01:16:11]} {[%emt 00:04:27]} O-O {[%clk 01:17:50]} {[%emt 00:01:39]} 10.
Be3 {[%clk 01:15:00]} {[%emt 00:01:40]} Bxe3 {[%clk 01:17:29]} {[%emt
00:00:51]} 11. Qxe3 {[%clk 01:13:58]} {[%emt 00:01:33]} Ne7 {[%clk 01:16:17]}
{[%emt 00:01:41]} 12. d4 {[%clk 01:04:51]} {[%emt 00:09:38]} Ng6 {[%clk
01:15:29]} {[%emt 00:01:18]} 13. dxe5 {[%clk 01:04:16]} {[%emt 00:01:05]} dxe5
{[%clk 01:15:07]} {[%emt 00:00:52]} 14. Na3 {[%clk 01:04:11]} {[%emt 00:00:35]}
Qe7 {[%clk 01:08:09]} {[%emt 00:07:27]} 15. Rad1 {[%clk 01:01:28]} {[%emt
00:03:14]} Bd7 {[%clk 01:02:49]} {[%emt 00:05:50]} 16. Bb3 {[%clk 00:58:03]}
{[%emt 00:03:55]} Bc6 {[%clk 00:58:20]} {[%emt 00:04:58]} 17. Bc2 {[%clk
00:54:10]} {[%emt 00:04:24]} Rad8 {[%clk 00:58:01]} {[%emt 00:00:48]} 18. b4
{[%clk 00:52:44]} {[%emt 00:01:57]} b6 {[%clk 00:52:27]} {[%emt 00:06:04]} 19.
Nc4 {[%clk 00:50:57]} {[%emt 00:02:17]} Rfe8 {[%clk 00:36:19]} {[%emt
00:16:38]} 20. Rfe1 {[%clk 00:47:07]} {[%emt 00:04:20]} Qe6 {[%clk 00:33:39]}
{[%emt 00:03:10]} 21. Ncd2 {[%clk 00:46:30]} {[%emt 00:01:06]} Nh5 {[%clk
00:28:09]} {[%emt 00:06:00]} 22. Nh2 {[%clk 00:44:00]} {[%emt 00:03:00]} Nhf4
{[%clk 00:26:12]} {[%emt 00:02:27]} 23. Ndf3 {[%clk 00:40:58]} {[%emt
00:03:31]} Rxd1 {[%clk 00:17:47]} {[%emt 00:08:56]} 24. Rxd1 {[%clk 00:35:22]}
{[%emt 00:06:06]} Qa2 {[%clk 00:17:33]} {[%emt 00:00:44]} 25. Ne1 {[%clk
00:33:12]} {[%emt 00:02:40]} Bxa4 {[%clk 00:16:40]} {[%emt 00:01:24]} 26. Bb1
{[%clk 00:33:17]} {[%emt 00:00:25]} Qe6 {[%clk 00:15:40]} {[%emt 00:01:30]} 27.
Rd2 {[%clk 00:32:34]} {[%emt 00:01:13]} Bc6 {[%clk 00:14:49]} {[%emt 00:01:21]}
28. Ba2 {[%clk 00:32:03]} {[%emt 00:01:01]} Qe7 {[%clk 00:14:25]} {[%emt
00:00:53]} 29. Rb2 {[%clk 00:31:17]} {[%emt 00:01:15]} Rd8 {[%clk 00:13:50]}
{[%emt 00:01:06]} 30. Nhf3 {[%clk 00:31:18]} {[%emt 00:00:29]} Nh4 {[%clk
00:10:29]} {[%emt 00:03:51]} 31. Bb3 {[%clk 00:30:23]} {[%emt 00:01:25]} Nxf3+
{[%clk 00:10:29]} {[%emt 00:00:30]} 32. Qxf3 {[%clk 00:30:29]} {[%emt
00:00:24]} Qg5 {[%clk 00:09:33]} {[%emt 00:01:26]} 33. g3 {[%clk 00:29:59]}
{[%emt 00:00:59]} Qg6 {[%clk 00:07:57]} {[%emt 00:02:06]} 34. Kh2 {[%clk
00:28:33]} {[%emt 00:01:57]} Bxe4 {[%clk 00:07:26]} {[%emt 00:01:01]} 35. Qe3
{[%clk 00:28:34]} {[%emt 00:00:29]} Nxh3 {[%clk 00:06:13]} {[%emt 00:01:44]}
36. f3 {[%clk 00:27:52]} {[%emt 00:01:11]} Bf5 {[%clk 00:04:18]} {[%emt
00:02:25]} 37. g4 {[%clk 00:28:10]} {[%emt 00:00:12]} Nf4 {[%clk 00:01:44]}
{[%emt 00:03:05]} 38. gxf5 {[%clk 00:28:16]} {[%emt 00:00:23]} Qh5+ {[%clk
00:02:02]} {[%emt 00:00:12]} 39. Kg1 {[%clk 00:28:05]} {[%emt 00:00:39]} Qxf5
{[%clk 00:02:01]} {[%emt 00:00:34]} 40. Qe4 {[%clk 00:27:25]} {[%emt 00:01:10]}
Qg5+ {[%clk 00:00:42]} {[%emt 00:01:49]} 41. Ng2 {[%clk 00:27:11]} {[%emt
00:00:43]} Nxg2 {[%clk 00:23:41]} {[%emt 00:07:31]} 42. Rxg2 {[%clk 00:56:41]}
{[%emt 00:01:00]} Qc1+ {[%clk 00:24:07]} {[%emt 00:00:05]} 43. Kh2 {[%clk
00:56:10]} {[%emt 00:01:00]} Qf4+ {[%clk 00:23:30]} {[%emt 00:01:07]} 44. Kh3
{[%clk 00:55:03]} {[%emt 00:01:37]} Qxe4 {[%clk 00:23:44]} {[%emt 00:00:18]}
45. fxe4 {[%clk 00:55:17]} {[%emt 00:00:14]} Rd3+ {[%clk 00:24:00]} {[%emt
00:00:15]} 46. Rg3 {[%clk 00:55:45]} {[%emt 00:00:02]} Rxg3+ {[%clk 00:24:19]}
{[%emt 00:00:10]} 47. Kxg3 {[%clk 00:55:52]} {[%emt 00:00:23]} Kf8 {[%clk
00:24:38]} {[%emt 00:00:12]} 48. Bd5 {[%clk 00:55:50]} {[%emt 00:00:31]} Ke7
{[%emt 00:00:44]} 49. c4 {[%clk 00:55:10]} {[%emt 00:01:10]} a5 {[%clk
00:24:23]} {[%emt 00:00:32]} 50. bxa5 {[%clk 00:55:21]} {[%emt 00:00:18]} bxa5
{[%clk 00:24:48]} {[%emt 00:00:05]} 51. c5 {[%clk 00:55:47]} {[%emt 00:00:05]}
a4 {[%clk 00:25:05]} {[%emt 00:00:13]} 52. Kg4 {[%clk 00:55:40]} {[%emt
00:00:36]} g6 {[%clk 00:19:26]} {[%emt 00:06:09]} 53. Ba2 {[%clk 00:55:28]}
{[%emt 00:00:42]} a3 {[%clk 00:19:30]} {[%emt 00:00:26]} 54. Bd5 {[%clk
00:55:36]} {[%emt 00:00:22]} f6 {[%clk 00:19:47]} {[%emt 00:00:13]} 55. Kh4
{[%clk 00:55:48]} {[%emt 00:00:18]} f5 {[%clk 00:18:38]} {[%emt 00:01:39]} 56.
Kh3 {[%clk 00:53:20]} {[%emt 00:02:58]} fxe4 {[%clk 00:18:28]} {[%emt
00:00:40]} 57. Kg4 {[%clk 00:53:24]} {[%emt 00:00:25]} Kf6 {[%clk 00:18:24]}
{[%emt 00:00:36]} 58. Ba2 {[%clk 00:53:35]} {[%emt 00:00:19]} h5+ {[%clk
00:18:38]} {[%emt 00:00:16]} 59. Kh4 {[%clk 00:53:46]} {[%emt 00:00:18]} Kf5
{[%clk 00:18:49]} {[%emt 00:00:19]} 60. Kh3 {[%clk 00:54:03]} {[%emt 00:00:12]}
Kf4 {[%clk 00:19:07]} {[%emt 00:00:13]} 61. Kh4 {[%clk 00:54:16]} {[%emt
00:00:17]} e3 {[%clk 00:19:20]} {[%emt 00:00:18]} 62. Bc4 {[%clk 00:54:18]}
{[%emt 00:00:27]} a2 {[%clk 00:19:25]} {[%emt 00:00:25]} 63. Bxa2 {[%clk
00:54:34]} {[%emt 00:00:14]} e2 {[%clk 00:19:53]} {[%emt 00:00:03]} 64. c6
{[%clk 00:54:51]} {[%emt 00:00:13]} e1=Q {[%clk 00:20:17]} {[%emt 00:00:05]}
65. Kh3 {[%clk 00:54:52]} {[%emt 00:00:29]} Qg3+ {[%clk 00:20:42]} {[%emt
00:00:05]} 0-1

[Event "ODJM B 2023"]
[Site "Willingen GER"]
[Date "2023.05.31"]
[Round "5"]
[White "Bergmann, Lennart"]
[Black "Derhay, Davyd"]
[Result "1-0"]
[Termination "normal"]
[Board "23"]
[WhiteElo "1515"]
[BlackElo "1376"]
[WhiteClock "01:09:29"]
[BlackClock "01:08:51"]
[PlyCount "37"]
[WhiteFideId "16270657"]
[BlackFideId "34130624"]
[EventCountry "GER"]
[EventRounds "9"]
[EventType "swiss"]
[EventDate "2023.05.27"]

1. e4 {[%clk 01:30:49]} {[%emt 00:00:10]} e5 {[%clk 01:30:42]} {[%emt
00:00:19]} 2. Nf3 {[%clk 01:31:10]} {[%emt 00:00:08]} Nc6 {[%clk 01:31:09]}
{[%emt 00:00:04]} 3. Bc4 {[%clk 01:31:32]} {[%emt 00:00:07]} Bc5 {[%clk
01:31:31]} {[%emt 00:00:08]} 4. c3 {[%clk 01:31:48]} {[%emt 00:00:13]} Nf6
{[%clk 01:31:56]} {[%emt 00:00:06]} 5. d3 {[%clk 01:32:09]} {[%emt 00:00:09]}
d6 {[%clk 01:31:22]} {[%emt 00:01:04]} 6. O-O {[%clk 01:31:07]} {[%emt
00:01:32]} O-O {[%clk 01:31:42]} {[%emt 00:00:11]} 7. h3 {[%clk 01:31:21]}
{[%emt 00:00:16]} h6 {[%clk 01:32:02]} {[%emt 00:00:10]} 8. Nbd2 {[%clk
01:31:25]} {[%emt 00:00:26]} a6 {[%clk 01:31:31]} {[%emt 00:01:01]} 9. b4
{[%clk 01:30:38]} {[%emt 00:01:16]} Ba7 {[%clk 01:31:41]} {[%emt 00:00:21]} 10.
Re1 {[%clk 01:30:52]} {[%emt 00:00:15]} b5 {[%clk 01:30:23]} {[%emt 00:01:49]}
11. Bb3 {[%clk 01:30:39]} {[%emt 00:00:42]} Nh5 {[%clk 01:22:56]} {[%emt
00:07:57]} 12. Nf1 {[%clk 01:21:22]} {[%emt 00:09:47]} Qf6 {[%clk 01:21:52]}
{[%emt 00:01:35]} 13. Be3 {[%clk 01:18:36]} {[%emt 00:03:16]} Nf4 {[%clk
01:21:11]} {[%emt 00:01:10]} 14. Ng3 {[%clk 01:15:40]} {[%emt 00:03:26]} h5
{[%clk 01:19:13]} {[%emt 00:02:28]} 15. Bxf4 {[%clk 01:13:41]} {[%emt
00:02:29]} exf4 {[%clk 01:19:36]} {[%emt 00:00:07]} 16. Nxh5 {[%clk 01:12:55]}
{[%emt 00:01:16]} Qxc3 {[%clk 01:16:20]} {[%emt 00:03:47]} 17. Rc1 {[%clk
01:09:56]} {[%emt 00:03:30]} Qxb4 {[%clk 01:15:38]} {[%emt 00:01:11]} 18. Rxc6
{[%clk 01:10:02]} {[%emt 00:00:24]} Bb6 {[%clk 01:08:51]} {[%emt 00:07:17]} 19.
Qa1 {[%clk 01:09:29]} {[%emt 00:01:02]} 1-0